000 00670nam a2200241Ia 4500
003 OSt
005 20220925210358.0
006 a|||||r|||| 00| 0
007 ta
008 220923b |||||||| |||| 00| 0 eng d
037 _cGeneral Book
040 _aRTL
_cRTL
_beng
041 _2eng
_aeng
082 _aX:75.N65<N61, SC
110 _aINDIA, PLANNING COMMISSION
245 0 _aThird five year plan
260 _aIndia
_bGovt. of India
300 _axiv,774p.
_ccm.
500 _aGlossary :759-762p.; Appendix :733-758p.
700 _aINDIA, PLANNING COMMISSION
942 _hX:75.N65<N61, SC
_cGB
_2CC
999 _c554908
_d554908